Formula One Grands Prix Locations - Statistics

General Stats
  • This quiz has been taken 109 times
  • The average score is 34 of 76
Answer Stats
No. of GPs held Country Last held Answer % Correct
68 Monaco 2022 Monte Carlo
99%
71 Italy 2022 Monza
97%
57 United Kingdom 2022 Silverstone
91%
54 Belgium 2022 Spa
90%
32 Spain 2022 Barcelona (Catalunya)
88%
4 Spain 1975 Barcelona (Montjuïc)
88%
2 Spain 1954 Barcelona (Pedralbes)
88%
25 Australia 2022 Melbourne
85%
41 Canada 2022 Montreal
83%
22 Mexico 2022 Mexico City
82%
39 Brazil 2022 São Paulo
82%
37 Germany 2019 Hockenheim
75%
30 Italy 2022 Imola
75%
32 Japan 2022 Suzuka
74%
14 United Arab Emirates 2022 Abu Dhabi
73%
6 Azerbaijan 2022 Baku
73%
37 Hungary 2022 Budapest
73%
13 Singapore 2022 Marina Bay
73%
32 the Netherlands 2022 Zandvoort
72%
1 United States 2022 Miami Gardens
71%
41 Germany 2020 Nürburg
71%
10 United States 2022 Austin
69%
2 United States 1982 Las Vegas
66%
8 Russia 2021 Sochi
66%
9 Turkey 2021 Istanbul
65%
16 China 2019 Shanghai
65%
20 Argentina 1998 Buenos Aires
64%
36 Austria 2022 Spielberg
56%
2 Saudi Arabia 2022 Jeddah
55%
19 United States 2007 Speedway
53%
5 Spain 2012 Valencia
53%
10 Brazil 1989 Rio de Janeiro
49%
1 United States 1984 Dallas
47%
1 Qatar 2021 Lusail
46%
7 United States 1988 Detroit
45%
19 Bahrain 2022 Sakhir
43%
19 Malaysia 2017 Sepang
43%
11 Australia 1995 Adelaide
42%
13 Portugal 1996 Estoril
42%
7 Spain 1997 Jerez
38%
2 Portugal 2021 Portimão
37%
1 France 1967 Le Mans
36%
18 France 2008 Magny-Cours
35%
18 France 2022 Le Castellet
33%
1 Portugal 1959 Lisbon
33%
20 South Africa 1993 Midrand
33%
2 Portugal 1960 Porto
33%
1 Germany 1959 Berlin
30%
5 Switzerland 1954 Bern
30%
3 United States 1991 Phoenix
29%
8 Canada 1977 Bowmanville
28%
1 United Kingdom 1993 Castle Donington
28%
20 United States 1980 Watkins Glen
28%
1 Morocco 1958 Casablanca
26%
3 India 2013 Greater Noida
26%
8 United States 1983 Long Beach
26%
1 Italy 1957 Pescara
26%
10 Belgium 1984 Heusden-Zolder
25%
11 France 1966 Gueux
20%
6 France 1984 Prenois
20%
5 United Kingdom 1962 Aintree
19%
1 United States 1959 Sebring
18%
5 France 1968 Orival
17%
1 Austria 1964 Zeltweg
16%
1 United States 1960 Moreno Valley
15%
4 South Korea 2013 Yeongam
15%
3 South Africa 1965 East London
12%
2 Belgium 1974 Nivelles
10%
1 Italy 2020 Scarperia e San Piero
9%
6 Sweden 1978 Anderstorp
8%
2 Canada 1970 Mont-Tremblant
8%
4 France 1972 Saint-Genès-Champanelle
3%
4 Japan 2008 Oyama
2%
9 Spain 1981 San Sebastián
1%
14 United Kingdom 1986 West Kingsdown
1%
2 Japan 1995 Mimasaka
0%
No matching quizzes found
Score Distribution
Percent of People with Each Score
Percentile by Number Answered
Your Score History
You have not taken this quiz